Exploring corporate strategy
Αποθηκεύτηκε σε:
| Κύριος συγγραφέας: | |
|---|---|
| Άλλοι συγγραφείς: | , |
| Μορφή: | Βιβλίο |
| Γλώσσα: | English |
| Δημοσίευση: |
Harlow, England :
Prentice-Hall,
c2005
|
| Έκδοση: | 7th ed. |
| Θέματα: | |
| Ετικέτες: |
Προσθήκη ετικέτας
Δεν υπάρχουν, Καταχωρήστε ετικέτα πρώτοι!
|
MARC
| LEADER | 00000cam a2200000 i 4500 | ||
|---|---|---|---|
| 001 | 1/35294 | ||
| 008 | 061010s2005 eng d | ||
| 020 | |a 0-273-68734-4 (text and cases) | ||
| 035 | |l 10085488 | ||
| 040 | |a GR-MY-UA |b gre |e aacr | ||
| 041 | 0 | |a eng | |
| 082 | 0 | |a 658.4012 |2 (22) | |
| 100 | 1 | |a Johnson, Gerry. | |
| 245 | 1 | 0 | |a Exploring corporate strategy / |c Gerry Johnson, Kevan Scholes, Richard Whittington |
| 250 | |a 7th ed. | ||
| 260 | |a Harlow, England : |b Prentice-Hall, |c c2005 | ||
| 300 | |a xxxvi, 1033 σ.; |b εγχρ. εικ., διαγρ., πίν.; |c 27 εκ. | ||
| 504 | |a Περιλαμβάνει βιβλιογραφίες και ευρετήρια | ||
| 650 | 0 | 0 | |a Strategic planning. |
| 650 | 0 | 0 | |a Business planning. |
| 650 | 0 | 0 | |a Strategic planning |v Case studies. |
| 650 | 0 | 0 | |a Business planning |x Case studies. |
| 700 | 1 | |a Scholes, Kevan. | |
| 700 | 1 | |a Whittington, Richard, |d 1958- | |
| 852 | |a INST |b CHIOS |e 20061010 |h 658.4012 JOH |p 005200027066 |q 005200027066 |t BK |y 0 | ||
| 852 | |a INST |b SYROS |e 20140121 |h 658.4012 JOH |p 005500011255 |q 005500011255 |t BK |y 0 | ||
| 901 | |a BIBL5-2013-1 | ||
| 901 | |a BIBL2-2006-3 | ||
| 909 | |a Ε |b 174694 | ||
| 909 | |a Χ |b 120248 | ||
| 970 | |a ΒΑΣΙΛΑΚΗ |b ΝΙΚΗ |z 2006/10/10 | ||